000 00902nam a22002417a 4500
999 _c2910
_d2910
003 AR-CdUCM
008 190305b ||||| |||| 00| 0 spa d
040 _aMUNICIPALIDAD PROVINCIAL DEL CUSCO
_cBIBLIOTECA MUNICIPAL DEL CUSCO
041 _heng
082 _a828.911 /
_bC525
100 _aChesterton, G. K.
_910004
245 _aEl hombre que fué jueves :
_b(Pesadilla) /
260 _aMadrid :
_bMestas Ediciones,
_c2001.
300 _a185 Páginas ;
_c19 cm.
440 _aClásicos universales ;
_n60.
_910005
500 _aTraducción de: The man who was thursday: a nightmare.
505 _aContenido: Los 2 poetas de Saffron Park -- El secreto de Gabriel Syme -- El hombre que fué jueves -- La historia de un detective -- El festín del miedo...
650 _aNovelas inglesas
_91158
650 _aSiglo XX
_98
650 _aPoesía inglesa
_91071
942 _2ddc
_cLIBROS
945 _adavv